The elements of Japanese design : (Record no. 11910)
[ view plain ]
| 000 -LEADER | |
|---|---|
| fixed length control field | 00542cam a2200193Ia 4500 |
| 020 ## - INTERNATIONAL STANDARD BOOK NUMBER | |
| ISBN | 0834802295 (pbk.) |
| 020 ## - INTERNATIONAL STANDARD BOOK NUMBER | |
| ISBN | 9780834802292 (pbk.) |
| 040 ## - CATALOGING SOURCE | |
| Transcribing agency | HVC |
| 082 04 - DEWEY DECIMAL CLASSIFICATION NUMBER | |
| Classification number | 929 WEA 1990 A100 Or. |
| 100 1# - MAIN ENTRY--AUTHOR NAME | |
| Personal name | Dower, John W. |
| 245 14 - TITLE STATEMENT | |
| Title | The elements of Japanese design : |
| Remainder of title | a handbook of family crests, heraldry & symbolism / |
| 250 ## - EDITION STATEMENT | |
| Edition statement | 1st pbk. ed. |
| 260 ## - PUBLICATION, DISTRIBUTION, ETC. (IMPRINT) | |
| Place of publication | New York : |
| Name of publisher | Weatherhill, |
| Year of publication | 1990. |
| 300 ## - PHYSICAL DESCRIPTION | |
| Number of Pages | xi, 170 p. : |
| Other physical details | ill. ; |
| Dimensions | 26 cm. |
| 650 #0 - SUBJECT ADDED ENTRY--TOPICAL TERM | |
| Topical Term | Crests |
| 650 #0 - SUBJECT ADDED ENTRY--TOPICAL TERM | |
| Topical Term | Heraldry |
| 700 1# - ADDED ENTRY--PERSONAL NAME | |
| Personal name | Kawamoto, Kiyoshi, |
| 942 ## - ADDED ENTRY ELEMENTS (KOHA) | |
| Koha item type | សៀវភៅភាសាអង់គ្លេស |
| 952 ## - LOCATION AND ITEM INFORMATION (KOHA) | |
| Withdrawn status [LOCAL, KOHA] | 0 |
| Permanent Location | Date acquired | Koha item type | Lost status | Shelving location | Barcode | Current Location | Full call number |
|---|---|---|---|---|---|---|---|
| Library Block A | 2017-08-08 | សៀវភៅភាសាអង់គ្លេស | A100 | A16929 | Library Block A | 929 WEA 1990 A100 Or. |